Welcome to CU Library Online Public Access Catalogue (OPAC)

Financial management and decision making / (Record no. 8921)

MARC details
000 -LEADER
fixed length control field 00792nam a2200241 a 4500
001 - CONTROL NUMBER
control field 3578049
005 - DATE AND TIME OF LATEST TRANSACTION
control field 20260311123758.0
008 - FIXED-LENGTH DATA ELEMENTS--GENERAL INFORMATION
fixed length control field 981113s1999 enka b 001 0 eng d
020 ## - INTERNATIONAL STANDARD BOOK NUMBER
International Standard Book Number 1861521014 (pbk.) :
Terms of availability $28.95
020 ## - INTERNATIONAL STANDARD BOOK NUMBER
International Standard Book Number 9781861521019
050 00 - LIBRARY OF CONGRESS CALL NUMBER
Classification number HG4026
Item number .S248 1999
082 00 - DEWEY DECIMAL CLASSIFICATION NUMBER
Classification number 658.15
Edition information 21
100 1# - MAIN ENTRY--PERSONAL NAME
Personal name Samuels, J. M.
Fuller form of name (John Malcolm),
Dates associated with a name 1938-
245 10 - TITLE STATEMENT
Title Financial management and decision making /
Statement of responsibility, etc. John Samuels, Michael Wilkes, and Robin Brayshaw.
260 ## - PUBLICATION, DISTRIBUTION, ETC.
Place of publication, distribution, etc. London ;
-- Boston :
Name of publisher, distributor, etc. International Thomson Business Press,
Date of publication, distribution, etc. 1999.
300 ## - PHYSICAL DESCRIPTION
Extent viii, 632 p. :
Other physical details ill. ;
Dimensions 25 cm.
650 #0 - SUBJECT ADDED ENTRY--TOPICAL TERM
Topical term or geographic name entry element Corporations
General subdivision Finance.
650 #0 - SUBJECT ADDED ENTRY--TOPICAL TERM
Topical term or geographic name entry element Business enterprises
General subdivision Finance.
650 #0 - SUBJECT ADDED ENTRY--TOPICAL TERM
Topical term or geographic name entry element Decision making.
700 1# - ADDED ENTRY--PERSONAL NAME
Personal name Wilkes, F. M.
700 1# - ADDED ENTRY--PERSONAL NAME
Personal name Brayshaw, R. E.
942 ## - ADDED ENTRY ELEMENTS (KOHA)
Source of classification or shelving scheme Library of Congress Classification
Koha item type Books
Suppress in OPAC No
999 ## -
-- 8921
-- 8921
Holdings
Withdrawn status Lost status Source of classification or shelving scheme Damaged status Not for loan Collection Home library Current library Shelving location Date acquired Total checkouts Full call number Barcode Date last seen Copy number Price effective from Koha item type
    Library of Congress Classification     Non-fiction Graduate Library (Christ Temple) Graduate Library (Christ Temple) General stacks 03/11/2026   HG 4026 SAM GSCT00003127 03/11/2026 1 03/11/2026 Books
    Library of Congress Classification     Non-fiction Graduate Library (Christ Temple) Graduate Library (Christ Temple) General stacks 03/11/2026   HG 4026 SAM GSCT00003128 03/11/2026 2 03/11/2026 Books
    Library of Congress Classification     Non-fiction Graduate Library (Christ Temple) Graduate Library (Christ Temple) General stacks 03/11/2026   HG 4026 SAM GSCT00003129 03/11/2026 3 03/11/2026 Books
    Library of Congress Classification     Non-fiction Graduate Library (Christ Temple) Graduate Library (Christ Temple) General stacks 03/11/2026   HG 4026 SAM GSCT00003130 03/11/2026 4 03/11/2026 Books
© 2023-2024 Copyright: Central University Libraries. All Rights Reserved | Created by: Mahone Tech Office